000 00776nam a22002297a 4500
005 20170124110253.0
010 _aA-607224
020 _c00.00
035 _aA-607224
037 _bCen Lib/Ret
040 _aDPL
_bEN
082 _a378
_bHIG
245 _aHigher education in the eighties : opportunities and objectives /
_cedited by J. Veera Raghavan
260 _aNew Delhi
_bLancer International
_c1985
270 _aPost bag no. -2
_bNew Delhi
_e110017
300 _a286p.
_c21cm(Hb)
500 _aIncludes index
650 _a Education, Higher -- India -- Congresses.
_974193
650 _a Education, Higher -- India -- Congresses. Education, Higher.
_9100877
700 _aRaghavan, J. Veera
_9100878
942 _2ddc
_cEN
_h378
_mHIG
999 _c136047
_d136047